|
|
|
|
| LEADER |
00922nam a2200253 a 4500 |
| 001 |
GR-Patra19404 |
| 003 |
GR-PaULI |
| 008 |
060511c2006 enkqr pg | | 0 eng d |
| 022 |
|
|
|a 1741-1432
|
| 040 |
|
|
|a GrPaTEI
|b gre
|c GR-PaULI
|
| 245 |
1 |
0 |
|a Educational management administration & leadership.
|
| 260 |
|
|
|a London :
|b SAGE publications,
|c 2006-
|
| 650 |
|
0 |
|a Educational leadership
|
| 650 |
|
0 |
|a Educational management
|
| 650 |
|
4 |
|a ΠΕΡΙΟΔΙΚΑ
|
| 710 |
0 |
|
|a Sage Periodicals Press
|
| 907 |
|
|
|a .b26669195
|b 15-04-20
|c 23-09-16
|
| 942 |
|
|
|2 ddc
|c JNL
|s 1
|
| 952 |
|
|
|0 0
|1 0
|4 0
|7 0
|9 324641
|a LISK
|b LISK
|c SER
|d 2021-04-28
|e GrPaTEI
|l 0
|r 2021-04-28 00:00:00
|w 2021-04-28
|y JNL
|
| 952 |
|
|
|0 0
|1 0
|4 0
|7 0
|9 324642
|a LISK
|b LISK
|c SER
|d 2021-04-28
|e GrPaTEI
|l 0
|r 2021-04-28 00:00:00
|w 2021-04-28
|y JNL
|
| 970 |
|
|
|c patra19404
|
| 970 |
|
|
|d aaha (old UniMARC 110 field)
|
| 998 |
|
|
|a 24
|b 15-01-16
|c s
|d s
|e -
|f eng
|g enk
|h 0
|
| 999 |
|
|
|c 182357
|d 182357
|